An atlas of fine structure The cell its organelles and inclusions

में बचाया:
ग्रंथसूची विवरण
मुख्य लेखक: Don W Fawcett
स्वरूप: पुस्तक
भाषा:Undetermined
प्रकाशित: London W. B. Saunders 1966
विषय:
टैग : टैग जोड़ें
कोई टैग नहीं, इस रिकॉर्ड को टैग करने वाले पहले व्यक्ति बनें!
Thư viện lưu trữ: Trung tâm Học liệu Trường Đại học Cần Thơ
LEADER 00519nam a2200193Ia 4500
001 CTU_8762
008 210402s9999 xx 000 0 und d
082 |a 581.872 
082 |b F278 
100 |a Don W Fawcett 
245 3 |a An atlas of fine structure 
245 4 |b The cell its organelles and inclusions 
245 0 |c Don W Fawcett 
260 |a London 
260 |b W. B. Saunders 
260 |c 1966 
650 |a cells,plants 
904 |i Minh, 960920 
980 |a Trung tâm Học liệu Trường Đại học Cần Thơ